000 00403nam a2200169Ia 4500
008 230524s9999 xx 000 0 und d
020 _a9788120346027
082 _bHAM
100 _aMark J. Hammer
_942734
245 0 _aWater and Wastewater Technology
250 _a1
260 _aNew Delhi
_bPHI
_c2012
300 _a"XI,451p;"
500 _aQuantity Number: 1
650 _aCivil
942 _cBK
999 _c57716
_d57716